000 02125nam a22002777a 4500
999 _c56986
_d56986
003 Ge_BSU
005 20190920114122.0
008 190920s2017 ge ||||| |||| 00| 0 geo d
020 _a9789941097263
041 _ageo
080 _a81'24(072) +37.091.26 ჰ-15
100 _aჰაგისი, არტურ.
_94173
245 _aტესტირება ენის მასწავლებლებისთვის /
_cარტურ ჰაგისი ; მთარგმ : გიული შაბაშვილი ; რედ : კახა გაბუნია.
250 _aმე-2 გამოცემა
264 _aთბილისი,
_c 2017.
300 _a236 გვ. :
_bილ. ;
_c 29 სმ.
504 _aბიბლიოგრ.: გვ . 230-236.
511 _aწიგნი ითარგმნა ”სამოქალაქო ინტეგრაციისა და ეროვნებათაშორისი ურთიერთობების ცენტრის მიერ” Tempus-ის (ევროკომისია) საერთაშორისო პროექტის ”მულტილინგვურ მასწავლებელთა მომზადების პროგრამების შექმნა და
653 _aენის სწავლების მეთოდიკა.
653 _aუცხო ენის სწავლების მეთოდიკა.
653 _aტესტების შედგენა ენის ცოდნის შესამოწმებლად
700 _aშაბაშვილი , გიული
_eმთარგმნელი
_94174
700 _aგაბუნია , კახა
_eრედაქტორი
_94175
710 _eპროექტირს კოორდინატორი ივანე ჯავახიშვილის სახელობის თბილისის სახელმწიფო უნივერსიტეტი
_94176
942 _2udc
_cBK